| 000 | 00000nam 2200000za 4500 |
| 001 | 9.856025 |
| 003 | CaOODSP |
| 005 | 20250403110050 |
| 007 | cr ||||||||||| |
| 008 | 180501s1998 onc #o f|0| 0 fre d |
| 040 | |aCaOODSP|bfre |
| 043 | |an-cn--- |
| 086 | 1 |aCS13-0029/1998F-PDF |
| 245 | 00|aSystème de comptabilité nationale du Canada |h[ressource électronique] : |bSCNB : catalogue de produits. |
| 246 | 14|aSystème de comptabilité nationale du Canada : |bcatalogue de produits |
| 260 | |a[Ottawa] : |bStatistique Canada, |c[1998] |
| 300 | |a64 p. |
| 500 | |aPubl. aussi en anglais sous le titre : Canadian System of National Accounts: CSNA: catalogue of products. |
| 500 | |aÉdition numérisée de l'imprimé [par Statistique Canada]. |
| 692 | 07|2gccst|aPublication gouvernementale |
| 692 | 07|2gccst|aComptes publics |
| 710 | 2 |aStatistique Canada. |
| 775 | 08|tCanadian System of National Accounts |w(CaOODSP)9.856023 |
| 856 | 40|qPDF|s30.44 Mo|uhttps://publications.gc.ca/collections/collection_2018/statcan/CS13-0029-1998-fra.pdf |
| 986 | |a13F0029XPB |